00645 2200217 4500001002100000005001700021008004100038035002400079082001200103090001900115100001500134245011200149260002500261300001900286500002700305650004600332850001500378980001300393985000600406999001500412YOGYA-0209000002480820090227023909.0 ind  0010-020900000024808 a343.098 a343.098bKar P aKARYADI, M aPerundang-undangan lalu-lintas dan angkutan jalan rayabdengan komentar bicara tanya jawabcoleh M. Karyadi aBogorbPoliteac1976 a479 hlmc21 cm aBibliografi : hlm. 479 aLalu lintas - Undang-undang dan peraturan aYOPDYOG(B) a09-03-07 a1 a06A0022201